Juliet (Act 2, Scene 2, 85-106) Quiz Stats

 Plays Quiz not verified by Sporcle

Challenge
Share
Tweet
Embed
Score 0/21 Timer 15:00
0 Plays Today
Hint Answer % Correct
Thouknow'st the mask of night is on my face
100%
Elsewould a maiden blush bepaint my cheek
100%
Forthat which thou hast heard me speak tonight
100%
Fainwould I dwell on form. Fain, fain deny
100%
What I have spoke. But farewell compliment!
100%
Dost thou love me? I know thou wilt say 'ay,'
66.7%
AndI will take thy word. Yet if thou swear'st
33.3%
Thoumayst prove false. At lovers' perjuries,
33.3%
They say, Jove laughs. O gentle Romeo,
33.3%
If thoudost love, pronounce it faithfully.
33.3%
I'llfrown and be perverse and say thee nay,
33.3%
Hint Answer % Correct
Sothou wilt woo. But else, not for the world.
33.3%
In truth,fair Montague, I am too fond,
33.3%
And therefore, thou mayst think my 'havior light.
33.3%
I shouldhave been more strange, I must confess,
33.3%
My truelove's passion. Therefore pardon me,
33.3%
And notimpute this yielding to light love,
33.3%
Which the dark night hath so discovered
33.3%
Buttrust men, gentleman, I'll prove more true
0%
That thosethat have more coying to be strange
0%
But that thou overhead'st, ere I was 'ware
0%

You're not logged in!

Compare scores with friends on all Sporcle quizzes.
OR
Log In

You Might Also Like...

Show Comments

Extras

Created Apr 21, 2015ReportNominate
Tags:act, juliet, scene

Top Quizzes Today


Score Distribution

Your Account Isn't Verified!

In order to create a playlist on Sporcle, you need to verify the email address you used during registration. Go to your Sporcle Settings to finish the process.

Report this User

Report this user for behavior that violates our Community Guidelines.

Details: